000
00287nam a2200121Ia 4500
100
_a
Ghanekar/V.K/ Jain J.R
942
_c
BK
654
_a
State Design
245
_a
Hand Book For Limit State Design
260
_b
Tata Mc Graw hill
_a
NewDelhi
_c
1981
300
_a
763
546
_a
ENGLISH
999
_c
33523
_d
33523